Vplyv malých a stredných podnikov na ekonomiku Slovenskej republiky bakalárska práca

Saved in:
Bibliographic Details
Main Author: Kováčiková, Viera
Corporate Author: Národohospodárska fakulta EU. Katedra hospodárskej politiky
Other Authors: Chandoga, Roman
Format: Book
Language:Slovak
Published: Bratislava 2016
Tags: Add Tag
No Tags, Be the first to tag this record!

MARC

LEADER 00000nbm a2200000 4500
001 0219929
005 20161125142328.0
041 0 |a slo 
044 |a SK 
245 1 0 |a Vplyv malých a stredných podnikov na ekonomiku Slovenskej republiky  |b bakalárska práca  |c Viera Kováčiková ; školiteľ: Roman Chandoga 
264 1 |a Bratislava  |c 2016 
300 |a 38 s. 
100 1 |a Kováčiková, Viera 
700 1 |a Chandoga, Roman 
710 2 |a Národohospodárska fakulta EU. Katedra hospodárskej politiky